| 000 | 01105nam a2200301 4500 | ||
|---|---|---|---|
| 003 | EG-GICUC | ||
| 005 | 20260303115312.0 | ||
| 008 | 260223s1926 -ge |||f |||| 00| 0 ger d | ||
| 040 |
_a EG-GICUC _bger _c EG-GICUC _d EG-GICUC _erda |
||
| 082 | 0 | 4 |
_a341.66 _bLE . L _221 |
| 092 | 0 | 4 | _221 |
| 099 | _aLaw1 11 341.66 LE . L 1926 | ||
| 100 | 1 |
_aLepsius Johannes _eAuthor. |
|
| 245 |
_aDie Liquidierung der Balkankriege 1912-1914 : _nVierunddreißigſter Band. _nErster Teil/ _cVon Johannes Lepsius. |
||
| 264 |
_aBerlin: _bDeutsche Verlagsgesellschaft Für Politik Und Geschichte M. B. H. In Berlin W 8, _c1926. |
||
| 300 |
_a422 Pages ; _c25 Cm. _billustrations, |
||
| 336 |
_2rda content _atext |
||
| 337 |
_2rda media _aComputer |
||
| 338 |
_2rda carrier _aOnline Resource |
||
| 490 | _aDie Großepolitik der Europäischen Kabinette 1871-1914 | ||
| 504 | _aBibliography: pages 200-250. | ||
| 546 | _a Text in German | ||
| 650 | 1 | 4 |
_aDroit international public _2qrmak |
| 651 | 1 | _2qrmak | |
| 856 | 4 | 0 | _uhttps://fll.law.cu.edu.eg/fulltext/bks/B11-08126.pdf |
| 905 | _a64 | ||
| 942 |
_2ddc _cBK _e21 _n0 |
||
| 999 |
_c64042 _d64042 |
||